Fundamentals of Thermodynamics / (Record no. 15247)
[ view plain ]
| 000 -LEADER | |
|---|---|
| fixed length control field | 00740nac a22002171u 4500 |
| 008 - FIXED-LENGTH DATA ELEMENTS--GENERAL INFORMATION | |
| fixed length control field | 110505s2009 nju|||||r|||| 001 0 eng d |
| 010 ## - LIBRARY OF CONGRESS CONTROL NUMBER | |
| LC control number | 2002513116 |
| 020 ## - INTERNATIONAL STANDARD BOOK NUMBER | |
| International Standard Book Number | 047017157X |
| 020 ## - INTERNATIONAL STANDARD BOOK NUMBER | |
| International Standard Book Number | 9780470171578 |
| 082 04 - DEWEY DECIMAL CLASSIFICATION NUMBER | |
| Classification number | 621.4021 |
| Item number | SON |
| Edition number | 22 |
| 100 ## - MAIN ENTRY--PERSONAL NAME | |
| Personal name | Sonntag, Richard Edwin |
| 9 (RLIN) | 23608 |
| 245 10 - TITLE STATEMENT | |
| Title | Fundamentals of Thermodynamics / |
| Statement of responsibility, etc | Richard E. Sonntag, Claus Borgnakke |
| 250 ## - EDITION STATEMENT | |
| Edition statement | 7th ed., |
| Remainder of edition statement | International Stu. version |
| 260 ## - PUBLICATION, DISTRIBUTION, ETC. (IMPRINT) | |
| Place of publication, distribution, etc | New York : |
| Name of publisher, distributor, etc | Wiley, 2009 |
| Date of publication, distribution, etc | 2009 |
| 300 ## - PHYSICAL DESCRIPTION | |
| Extent | xvii, 777 p. : |
| Other physical details | ill. (some col.) ; |
| Dimensions | 26 cm. |
| 500 ## - GENERAL NOTE | |
| General note | Includes index. |
| 650 #0 - SUBJECT ADDED ENTRY--TOPICAL TERM | |
| Topical term or geographic name as entry element | Thermodynamics. |
| 9 (RLIN) | 23609 |
| 653 ## - INDEX TERM--UNCONTROLLED | |
| Resource For college | |
| Arrived date list | April2011 |
| Resource For college | |
| Arrived date list | October2011 |
| -- | March2013 |
| 700 1# - ADDED ENTRY--PERSONAL NAME | |
| Personal name | Borgnakke, C. |
| Fuller form of name | (Claus) |
| 9 (RLIN) | 23610 |
| 942 ## - ADDED ENTRY ELEMENTS (KOHA) | |
| Item type | Book - Borrowing |
| Call number prefix | 621.4021SON |
| Source of classification or shelving scheme | Dewey Decimal Classification |
| Withdrawn status | Item status | Source of classification or shelving scheme | Damaged status | Not for loan | Vendor | Home library | Current library | Shelving location | Date acquired | Source of acquisition | Cost, normal purchase price | Total Checkouts | Total Renewals | Full call number | Barcode | Date last seen | Date last borrowed | Koha item type |
|---|---|---|---|---|---|---|---|---|---|---|---|---|---|---|---|---|---|---|
| Dewey Decimal Classification | Baccah | Central Library | Central Library | First floor | 05/05/2011 | 210.00 | 2 | 11 | 621.4021 SON | 000023530 | 15/07/2025 | 18/01/2012 | Book - Borrowing | |||||
| Dewey Decimal Classification | Baccah | Central Library | Central Library | First floor | 11/10/2011 | 3 | 21 | 621.4021 SON | 000025280 | 15/07/2025 | 11/10/2017 | Book - Borrowing | ||||||
| Dewey Decimal Classification | Baccah | Central Library | Central Library | First floor | 11/10/2011 | 1 | 4 | 621.4021 SON | 000025277 | 15/07/2025 | 16/10/2012 | Book - Borrowing | ||||||
| Dewey Decimal Classification | Baccah | Central Library | Central Library | First floor | 17/03/2013 | 3 | 10 | 621.4021 SON | 000028513 | 15/07/2025 | 19/10/2016 | Book - Borrowing | ||||||
| Dewey Decimal Classification | Baccah | Central Library | Central Library | First floor | 17/03/2013 | 3 | 33 | 621.4021 SON | 000028514 | 15/07/2025 | 10/10/2015 | Book - Borrowing | ||||||
| Dewey Decimal Classification | Baccah | Central Library | Central Library | First floor | 17/03/2013 | 621.4021 SON | 000028515 | 15/07/2025 | Book - Borrowing |